| 000 | 00346pab a2200145 454500 | ||
|---|---|---|---|
| 008 | 180718b1997 xxu||||| |||| 00| 0 eng d | ||
| 100 | _aSabir Ali | ||
| 245 | _aCommunity participation in garbage management: a study | ||
| 260 | _c1997 | ||
| 300 | _ap.35-37 | ||
| 362 | _aJun | ||
| 650 | _aWaste treatment | ||
| 773 | _aYojana | ||
| 909 | _a34011 | ||
| 999 |
_c34011 _d34011 |
||